| 000 | 00473nam a2200205Ia 4500 | ||
|---|---|---|---|
| 005 | 20240823053014.0 | ||
| 008 | 240823s9999||||xx |||||||||||||| ||und|| | ||
| 020 | _a978-93-5119-774-4 | ||
| 041 | _aENGLISH | ||
| 082 | _A006.76 Q5 | ||
| 100 | _aAlex Young | ||
| 245 | 0 | _aNode.js in Practice | |
| 250 | _a1st | ||
| 260 |
_c2015 _bDreamtech New |
||
| 500 | _aYES | ||
| 650 |
_aNode.js _bComputer Science |
||
| 700 | _a Marc Harter | ||
| 942 | _cBK | ||
| 999 |
_c223185 _d223185 |
||